000 00832nam a22002057a 4500
999 _c13895
_d13895
003 AR-CdUCM
008 190416b ||||| |||| 00| 0 spa d
040 _aMUNICIPALIDAD PROVINCIAL DEL CUSCO
_cBIBLIOTECA MUNICIPAL DEL CUSCO
082 _a980.5 /
_bM26 / 1979
100 _aMar de la Torre, Humberto F. del
_97639
245 _aLa Historia de Aymaraes y sus problemas /
260 _aChalhuanca :
_c1979.
300 _a267 páginas ;
_bilustraciones, fotografías, mapas,
_c21 cm.
505 _aContenido: Mapa político de Aymaraes -- Pueblos primitivos de Aymaraes -- Conquista de los Aymaraes i Quechuas -- La influencia y la administración incaica -- Origen y nombres de Aymaraes ...
650 _aPerú
_935
650 _aHistoria
_9136
650 _aAymaraes
_932214
942 _2ddc
_cLIBROS
945 _aachl
_d2019-04-16